Систематический указатель к Университетским известиям за 1884-96 гг. (Запись № 4489178)

Подробности
000 -МАРКЕР
контрольное поле 01705nam0a22003011 4500
001 - ИДЕНТИФИКАТОР ЗАПИСИ
контрольное поле v19\rc\1622987
005 - ИДЕНТИФИКАТОР ВЕРСИИ
контрольное поле 20260406185721.0
035 ## - ДРУГИЕ СИСТЕМНЫЕ НОМЕРА
Идентификатор записи (NLR Aleph) 004740153
100 ## - ДАННЫЕ ОБЩЕЙ ОБРАБОТКИ
Данные общей обработки 20251228 rusy50
101 0# - ЯЗЫК РЕСУРСА
Язык текста, звукозаписи и т.д. русский
102 ## - СТРАНА ПУБЛИКАЦИИ ИЛИ ПРОИЗВОДСТВА
Страна публикации Российская Федерация
105 ## - ПОЛЕ КОДИРОВАННЫХ ДАННЫХ: ТЕКСТОВЫЕ МАТЕРИАЛЫ, МОНОГРАФИЧЕСКИЕ
Кодированные данные о монографическом текстовом документе y c |||||
200 1# - ЗАГЛАВИЕ И СВЕДЕНИЯ ОБ ОТВЕТСТВЕННОСТИ
Основное заглавие Систематический указатель к Университетским известиям за 1884-96 гг.
Первые сведения об ответственности [Сост. И.П. Козловским
Последующие сведения об ответственности Под ред. В.С. Иконникова]
210 ## - ПУБЛИКАЦИЯ, РАСПРОСТРАНЕНИЕ И ДР.
Место издания, распространения и т.д. Киев
Имя издателя, распространителя и т. д. тип. имп. Ун-та св. Владимира. Н.Т. Корчак-Новицкого
Дата издания, распространения и т.д. 1898
215 ## - ФИЗИЧЕСКАЯ ХАРАКТЕРИСТИКА
Специфическое обозначение материала и объем [2], 62 с.
Размеры 25
311 ## - ПРИМЕЧАНИЯ, ОТНОСЯЩИЕСЯ К ПОЛЯМ СВЯЗИ (ПРИМЕЧАНИЯ О СВЯЗИ С ДРУГИМИ ПРОИЗВЕДЕНИЯМИ (ИЗДАНИЯМИ))
Текст примечания Отт. из Университетских известий за 1898 г.
488 #0 - ДРУГИЕ ВЗАИМОСВЯЗАННЫЕ ПРОИЗВЕДЕНИЯ (ДОКУМЕНТЫ)
Встроенное поле 2001#$aУниверситетские известия$v1898
Заглавие Университетские известия
532 11 - РАСШИРЕННОЕ ЗАГЛАВИЕ
Заглавие Систематический указатель к Университетским известиям за тысяча восемьсот восемьдесят четвертый - девяносто шестой гг.
702 #1 - ИМЯ ЛИЦА - ВТОРИЧНАЯ ОТВЕТСТВЕННОСТЬ
Код отношения Составитель
Графика поля Кириллица
Материалы, к которым относится поле rus
Начальный элемент ввода Козловский
Часть имени, кроме начального элемента ввода И. П.
Даты 1870-1943
Расширение инициалов личного имени Иван Павлович
Идентификатор авторитетной/нормативной записи RU\NLR\AUTH\770288028
Системный номер авторитетной/нормативной записи 2690947
702 #1 - ИМЯ ЛИЦА - ВТОРИЧНАЯ ОТВЕТСТВЕННОСТЬ
Код отношения Редактор
Материалы, к которым относится поле rus
Графика поля Кириллица
Начальный элемент ввода Иконников
Часть имени, кроме начального элемента ввода В. С.
Даты 1841-1923
Расширение инициалов личного имени Владимир Степанович
Идентификатор авторитетной/нормативной записи RU\NLR\AUTH\7756254
Системный номер авторитетной/нормативной записи 39186
710 02 - НАИМЕНОВАНИЕ ОРГАНИЗАЦИИ - ПЕРВИЧНАЯ ОТВЕТСТВЕННОСТЬ
Начальный элемент ввода Университет св. Владимира
Идентифицирующий признак Киев
Структурное подразделение "Известия...", журнал
-- Указатели
Идентификатор авторитетной/нормативной записи RU\NLR\AUTH\889951432
Системный номер авторитетной/нормативной записи 398825
801 #0 - ИСТОЧНИК ЗАПИСИ
Страна Российская Федерация
Организация NLR
Правила каталогизации psbo
801 #1 - ИСТОЧНИК ЗАПИСИ
Страна Российская Федерация
Организация ProSoft-M
Источник данных rusmarc
852 ## - МЕСТОНАХОЖДЕНИЕ И ШИФР ХРАНЕНИЯ
Идентификатор организации NLR
Шифр хранения (Call Number) 741Ун/1(5)
942 ## - ДОПОЛНИТЕЛЬНЫЕ ЭЛЕМЕНТЫ ЗАПИСИ (АБИС)
Тип экземпляра АБИС Книга
980 ## - КОЛЛЕКЦИЯ
Название коллекции Национальная библиография
Экземпляры
Тип экземпляра Дата поступления Библиотека постоянного хранения Библиотека текущего хранения Место хранения Шифр хранения Штрих-код Статус экземпляра
Книга 26.10.2013 РНБ (Московский) РНБ (Московский) Неопределен, для заказа не доступен, в ЭК виден 741Ун/1(5) 4740153-10